000 00323 a2200157 4500
001 160343
020 _a
040 _cMagnum
100 _aOliveira, Rui de
240 1 0 _aJustino, o retirante
_lpor
245 1 0 _aJustino, o retirante
300 _a95
362 0 _a1987
697 _aLITERATURA JUVENIL
942 _cBK
999 _c160343
_d160343